000 01187nam a2200217Ia 4500
003 Ost
005 20260507075057.0
008 260507s9999||||xx |||||||||||||| ||und||
040 _cfsecg
041 _aara
082 _a621.3819
100 _aالحمداني، رفاه شهاب
_eمؤلف
245 0 _aالمحاكاة الحاسوبية /
_c رفاه شهاب الحمداني
260 _aعمان:
_bدار المناهج,
_c2002
300 _a260 صفحة؛
_bإيضاحات ؛
_c24 سم
504 _aبيبليوغرافيا ص.257
520 _aالتحليل العددي والمحاكاة،نطاق المحاكاة،طبيعة المحاكاة،الاحتمالات والتوزيعات الاحتمالية،توليد الأرقام العشوائية،الحاسب الرقمي،نماذج تطبيقية،تطبيقات المحاكاة على البرامج الجاهزة،البرمجة بلغة Pascal
653 _aالحاسبات الالكترونية
653 _aلغة Pascal
942 _cكتاب
999 _c42753
_d42753